|
|
|
|
| LEADER |
00000nas a2200000 a 4500 |
| 001 |
ssj0000491248 |
| 003 |
WaSeSS |
| 005 |
20200512172242.0 |
| 006 |
m d |
| 007 |
cr n |
| 008 |
910306d19832013sp ar p s 0 0spa c |
| 010 |
|
|
|a 92644346
|z sn 91025328
|
| 022 |
|
|
|l 0213-2060
|y 0213-2060
|
| 035 |
|
|
|a (WaSeSS)ssj0000491248
|
| 037 |
|
|
|b Ediciones Universidad de Salamanca, Apartado de Correos no. 325, Salamanca, España
|
| 040 |
|
|
|a HLS
|b eng
|c HLS
|d HUL
|d DLC
|d SYS
|d OCLCQ
|d OCLCF
|d OCLCO
|d OCL
|d CUS
|d WaSeSS
|
| 042 |
|
|
|a pcc
|
| 043 |
|
|
|a e-sp---
|
| 050 |
0 |
0 |
|a DP99
|b .S82
|
| 082 |
0 |
0 |
|a 946/.02/05
|2 20
|
| 245 |
0 |
0 |
|a Studia historica.
|p Ha. medieval
|h [electronic resource].
|
| 246 |
1 |
3 |
|a Studia historica.
|p Historia medieval
|
| 246 |
1 |
0 |
|a Ha. medieval
|
| 246 |
1 |
0 |
|a Historia medieval
|
| 260 |
|
|
|a Salamanca :
|b Ediciones Universidad de Salamanca,
|c 1983-
|
| 310 |
|
|
|a Annual
|
| 362 |
0 |
|
|a Vol. 1 (1983)-
|
| 362 |
1 |
|
|a Ceased in print with vol. 31 (2013).
|z cf ISSN Portal.
|
| 506 |
|
|
|a License restrictions may limit access.
|
| 515 |
|
|
|a Each issue called no. 2 of v. 1-4 of main series, 1983-1986.
|
| 588 |
|
|
|a Latest issue consulted: vol. 31 (2013) (online surrogate) (publisher's website, viewed May 25, 2017).
|
| 648 |
|
7 |
|a 711-1516
|2 fast
|
| 651 |
|
0 |
|a Spain
|x History
|y 711-1516
|v Periodicals.
|
| 651 |
|
7 |
|a Spain.
|2 fast
|0 (OCoLC)fst01204303
|
| 655 |
|
0 |
|a Electronic journals.
|
| 850 |
|
|
|a DLC
|a MH
|
| 853 |
0 |
0 |
|8 1
|a v.
|b no.
|i (year)
|
| 856 |
4 |
0 |
|z Full text available from Research Library: 01/01/2012 to present
|u https://search.proquest.com/publication/2032095
|
| 856 |
4 |
0 |
|z Full text available from PRISMA Database with HAPI Index: 01/01/2012 to 01/31/2016
|u https://search.proquest.com/publication/2032644
|
| 863 |
4 |
1 |
|8 1
|a <1>
|b <2>
|i <1983>
|x provisional
|